00247nam a22001097a 4500020001800000082001400018100002300032245003800055250000600093260003000099300000800129 a9781482247589 a595.7 NAT aJames L Nation,Sr. aInsect Physiolog and Biochemistry a3 aNew YorkbCRC Pressc2000 a644